00680nas a2200217 4500001001300000003000900013005001700022007000300039008003400042040005400076041000900130072000800139100001500147100001600162245011500178650001100293650001200304650001600316650001600332773011400348BR2013007578BR-BrBNA20231205122953.0ta230509b bl.|||p| |||| 00| 00por d aBR-BrBNAbporcBiblioteca Nacional de Agricultura a(En) aH101 aLutz, M.A.1 aBrown, B.V.1 aNew host association: Polybia scutellaris (Hymenoptera, Vespidae)parasitized by Melaloncha (Diptera, Phoridae) aINSETO aDIPTERA aHIMENOPTERA aPARASITISMO0 tRevista Brasileira de Entomologia (Brazil)xISSN 0085-5626g(Apr-Jun 2013), v. 57(2) p. 238-239wBR2013007578